000 00559nam a2200205Ia 4500
003 GCL
008 140319s9999 xx 000 0 ara d
040 _aGCL /
_cGCL
082 0 4 _aق
_b962.02
_bم ن
100 1 _aمحمد فرج
245 1 0 _aالنضال الشعبى ضد الحملة الفرنسية /
_cمحمد فرج
260 _a[S.N] :
_bدار الكتب المصرية
300 _a109 ص
490 _a
650 0 4 _aالعصر الحديث
650 0 4 _aمصر
650 0 4 _aتاريخ
650 0 4 _aالثورات
942 _2ddc
_cBK
999 _c28861
_d28861